000 00274nam a22001217a 4500
008 181004b xxu||||| |||| 00| 0 eng d
041 _aeng
080 _a710
100 _a45
101 _aART
245 _aThe Great Centuries Of Painting
_cSkira .A
942 _2udc
_cBK
999 _c48845
_d48845